Bibiza Wiener Schickeria - Statistiken

Allgemein
  • Dieses Quiz wurde 6 mal gespielt
  • Das Durchschnittsergebnis liegt bei 12 aus 21
Antwortstatistiken
Hint Antwort % Korrekt
13. Akademie der bildenden Künste
100%
7. Alkoholiker
67%
20. Babylon Freestyle
67%
5. Ballern am Balkon
67%
10. Blau
67%
6. Eine Ode an Bibiza
67%
4. Eine Ode an Wien
67%
15. Femme fatale
67%
1. Guten Morgen
67%
9. KiK (Skit)
67%
14. Marie
67%
2. Opernring Blues
67%
21. Regen
67%
12. Schöne Dame
67%
8. Stadtpark Insomnia
67%
19. Am Weg in die Villa
33%
11. Hautvolee
33%
16. Höhenstraße
33%
17. Mr. Pessimist
33%
3. Schick mit Scheck
33%
18. Wer leidet mit mir?
33%
Keine übereinstimmenden Quizze gefunden
Verteilung der Resultate
Anzahl Personen mit jedem Resultat
Perzentil nach korrekt beantworteten Fragen
Ihre Resultats-Entwicklung
Sie haben dieses Quiz noch nicht gespielt